000 00446nam a2200157 i 4500
001 bg
245 0 _aZbiór zadań z teorii obwodów :
_bpraca zbiorowa /
_cpod red. Włodzimierza Wolskiego.
260 _aWrocław,
_c1983.
650 9 _aUkłady elektroniczne
_xteoria
655 _aPodręczniki akademickie
700 1 _aWolski, Włodzmierz.
_eRed.
040 _cBPK
041 _apol
942 _cKS
008 s pl f |000 0 pol
999 _c4712
_d4712
856 _uhttp://koha.tu.koszalin.pl/cgi-bin/koha/opac-detail.pl?biblionumber=4712
_yKatalog online BPK